KRAJI_12 - Dolenjska - SV del - Statistics

General Stats
  • This quiz has been taken 136 times
  • The average score is 18 of 25
Answers on the Map
Answers color-coded by a green-red scale on the quiz's map according to % correct below.
 
Answer Stats
Answer % Correct
Bistrica ob Sotli
86%
Brestanica
84%
Kostanjevica
na Krki
84%
Mokronog
84%
Krška vas
82%
Radeče
82%
Zidani Most
82%
Cerklje na
Dolenjskem
80%
Podsreda
80%
Boštanj
79%
Leskovec pri
Krškem
79%
Sevnica
77%
Trška gora
77%
Kozje
73%
Dobova
71%
Pišece
70%
Jesenice na
Dolenjskem
68%
Obrežje
68%
Senovo
68%
Bučka
57%
Slovenska vas
57%
Šentjernej
55%
Krmelj
48%
Škocjan
45%
Malkovec
34%
No matching quizzes found
Score Distribution
Percent of People with Each Score
Percentile by Number Answered
Your Score History
You have not taken this quiz